SEISMIC PROVISIONS FOR STRUCTURAL STEEL BUILDINGS APRIL 15TH 1997. (Record no. 1174310)

MARC details
000 -LEADER
fixed length control field 00321nam a2200109Ia 4500
008 - FIXED-LENGTH DATA ELEMENTS--GENERAL INFORMATION
fixed length control field 230724s2010 xx und d
041 ## - LANGUAGE CODE
Language code of text/sound track or separate title eng
100 ## - MAIN ENTRY--PERSONAL NAME
Personal name A I S C
245 ## - TITLE STATEMENT
Title SEISMIC PROVISIONS FOR STRUCTURAL STEEL BUILDINGS APRIL 15TH 1997.
260 ## - PUBLICATION, DISTRIBUTION, ETC.
Name of publisher, distributor, etc. AMERICAN SOCIETY OF PLANT PHYSIOLOGISTS
Date of publication, distribution, etc. 2010
300 ## - PHYSICAL DESCRIPTION
Extent 146
Holdings
Withdrawn status Lost status Damaged status Not for loan Home library Current library Date acquired Source of acquisition Cost, normal purchase price Total Checkouts Barcode Date last seen Price effective from Koha item type
        College of Architecture, Pune College of Architecture, Pune 23/07/2024 BHARATI MADYAWARTI SAHAKARI GRAHAK BHANDAR LTD. 970.00   ARP-BARCH-3166 23/07/2024 23/07/2024 Book